Datum a čas kvízu
33
Celkem bodů
Celkový počet nahraných bodů na tomto kvízu bez doplňovacích otázek.
5.
Pořadí na kvízu
Konečné umístění týmu na tomto kvízu.
Zaznamenané odpovědi
| # | Otázka | Odpověď | Body | Výsledky |
|---|---|---|---|---|
| 1. | Vicepremiér Karel Havlíček, kt... | Ropák roku | 1 | |
| 2. | Britský ministr zdravotnictví... | líbal a objímal svoji poradkyni | 1 | |
| 3. | Minulý týden byl zveřejněn prv... | Václav Neužil | 0 | |
| 4. | Letecký dopravce easyJet v čer... | Barcelona | 0 | |
| 5. | Fotbalový obránce Theodor Gebr... | FC Slovan Liberec | 1 | |
| 6. | Toto téma vyhrálo minulý týden... | gelato, sladoled | 0.5 | |
| 7. | Jedna z nejoblíbenějších přích... | stracciatella | 0 | |
| 8. | Šmoulová zmrzlina je oblíbená... | Belgie | 1 | |
| 9. | Doplňte chybějící slovo do rek... | tvarohová | 1 | |
| 10. | Jeden z prvních dlouhometrážní... | Nanuk | 0 |